| 000 | 00797nam a2200265 a 4500 | ||
|---|---|---|---|
| 001 | BRCA_7199 | ||
| 005 | 20190320205740.0 | ||
| 008 | 160112s19531935nyua######---#000-0#eng-# | ||
| 041 | _aeng | ||
| 044 | _anyu | ||
| 050 | 4 |
_a.N5300 _b.R62 1953 |
|
| 100 | 1 |
_aRobb, David M. _d1903-1990. _q(David Metheny) _917839 |
|
| 245 | 1 | 0 |
_aArt in the Western world _cby David M. Robb & J. J. Garrison. |
| 250 | _a3a. ed. | ||
| 260 |
_aNueva York _bHarper & Row _c1953, c1935 |
||
| 300 |
_axix, 1050 p. _bil.(algunas a color), 4 láminas _c23 cm. |
||
| 500 | _aIncluye índice alfabético | ||
| 500 | _aP93 | ||
| 650 | 1 | 4 |
_aArte _xHistoria _917840 |
| 650 | 1 | 4 |
_aArquitectura _xHistoria _91467 |
| 650 | 1 | 4 |
_aEscultura _xHistoria _93347 |
| 650 | 1 | 4 |
_aPintura _xHistoria _917841 |
| 902 | _aGFM | ||
| 942 |
_2lcc _cB |
||
| 999 |
_c6880 _d6880 |
||